| 000 | 00380nam a2200109Ia 4500 | ||
|---|---|---|---|
| 008 | 171204s9999 xx 000 0 und d | ||
| 245 | 4 | _aThe Why Of The Buy: Consumer Behavior And Fashion Marketing | |
| 245 | _cPatricia Mink Rath and Stefani Bay | ||
| 260 | _c2014 | ||
| 650 | _xMARKETING MANAGEMENT | ||
| 856 | _uhttp://down.ebook777.com/027/TheWhyOfTheBuyConBehAndFasMar2ndEdi.pdf | ||
| 999 |
_c347041 _d347041 |
||